书目信息 |
| 题名: |
追求繁荣与舒适
|
|
| 作者: | 仇保兴 著 | |
| 分册: | ||
| 出版信息: | 北京 中国建筑工业出版社 2007.11 |
|
| 页数: | 11,501页 | |
| 开本: | 23cm | |
| 丛书名: | ||
| 单 册: | ||
| 中图分类: | TU984.1 , F299.1 | |
| 科图分类: | ||
| 主题词: | 城市规划--研究--世界 , 城市建设--研究--世界 , 城市规划 , 城市建设 | |
| 电子资源: | ||
| ISBN: | 978-7-112-09636-7 | |
| 000 | 01171nam0 2200301 450 | |
| 001 | 003639497 | |
| 005 | 20091230085942.10 | |
| 010 | @a978-7-112-09636-7@dCNY68.00 | |
| 100 | @a20070104d2007 em y0chiy0110 ea | |
| 101 | 0 | @achi |
| 102 | @aCN@b110000 | |
| 105 | @aa z 000yy | |
| 106 | @ar | |
| 200 | 1 | @a追求繁荣与舒适@9zhui qiu fan rong yu shu shi@e中国典型城市规划、建设与管理的策略@f仇保兴著 |
| 205 | @a2版 | |
| 210 | @a北京@c中国建筑工业出版社@d2007.11 | |
| 215 | @a11,501页@c图@d23cm | |
| 330 | @a本书着眼于总结国内外城市化的经验尤其是失败的教训,着重强调在城市化过程中亟待解决滞后的理性和幼稚的法治;城市规划体制和编制方法的创新;无法回避的城市竞争力;繁荣城市经济的钥匙;城市科技创新与政府管理模式变革;城市个性和特色的沦丧与复兴等。 | |
| 517 | 1 | @a中国典型城市规划、建设与管理的策略@9zhong guo dian xing cheng shi gui hua 、 jian she yu guan li de ce lve |
| 606 | 0 | @a城市规划@x研究@y世界 |
| 606 | 0 | @a城市建设@x研究@y世界 |
| 606 | 0 | @a城市规划 |
| 606 | 0 | @a城市建设 |
| 690 | @aTU984.1@v4 | |
| 690 | @aF299.1@v4 | |
| 701 | 0 | @a仇保兴@9qiu bao xing@f(1953.11~)@4著 |
| 801 | 0 | @aCN@bNLC@c20091230 |
| 905 | @b20798645-49@dTU984.1@e497=2@f5 | |
| 追求繁荣与舒适:中国典型城市规划、建设与管理的策略/仇保兴著.-2版.-北京:中国建筑工业出版社,2007.11 |
| 11,501页:图;23cm |
| ISBN 978-7-112-09636-7:CNY68.00 |
| 本书着眼于总结国内外城市化的经验尤其是失败的教训,着重强调在城市化过程中亟待解决滞后的理性和幼稚的法治;城市规划体制和编制方法的创新;无法回避的城市竞争力;繁荣城市经济的钥匙;城市科技创新与政府管理模式变革;城市个性和特色的沦丧与复兴等。 |
| ● |
| 相关链接 |
|
|
|
|
正题名:追求繁荣与舒适
索取号:TU984.1/497=2
 
预约/预借
| 序号 | 登录号 | 条形码 | 馆藏地/架位号 | 状态 | 备注 |
| 1 | 798645 | 207986456 | 第二样本阅览室/ [索取号:TU984.1/497=2] | 在馆 | |
| 2 | 798646 | 207986465 | 第三借阅区/ [索取号:TU984.1/497=2] | 在馆 | |
| 3 | 798647 | 207986474 | 第三借阅区/ [索取号:TU984.1/497=2] | 在馆 | |
| 4 | 798648 | 207986483 | 第三借阅区/ [索取号:TU984.1/497=2] | 在馆 | |
| 5 | 798649 | 207986492 | 第三借阅区/ [索取号:TU984.1/497=2] | 在馆 |